Uṣūl al-fiqh /

Disimpan dalam:
Butiran Bibliografi
Pengarang Utama: Zuḥaylī, Wahbah.
Format: Buku
Bahasa:Arabic
Diterbitkan: Ṭarābulus : Kullīyat al-Daʻwah al-Islāmīyah, 1990.
Edisi:al-Ṭabʻah 1.
Siri:Zuḥaylī, Wahbah. Manshūrāt Kullīyat al-Daʻwah al- Islāmīyah.
Subjek-subjek:
Penanda-penanda: Tambah Penanda
Tiada Penanda, Jadilah orang pertama menanda rekod ini!
LEADER 00736nam a2200217 a 4500
001 007700217-2
005 20020606104010.5
008 941201s1990 ly b 00010 arard
035 0 |a ocm38464850 
100 1 |a Zuḥaylī, Wahbah. 
245 1 0 |a Uṣūl al-fiqh /  |c Wahbah al-Zuḥaylī. 
250 |a al-Ṭabʻah 1. 
260 |a Ṭarābulus :  |b Kullīyat al-Daʻwah al-Islāmīyah,  |c 1990. 
300 |a 236 p. ;  |c 24 cm. 
490 1 |a Manshūrāt Kullīyat al-Daʻwah al-Islāmīyah 
504 |a Includes bibliographical references. 
650 0 |a Islamic law  |x Interpretation and construction. 
752 |a Libya  |d Tripoli. 
800 1 |a Zuḥaylī, Wahbah.  |t Manshūrāt Kullīyat al-Daʻwah al- Islāmīyah. 
988 |a 20020608 
906 |0 MH